[Event "Hasselbacken Open 2018"]
[Site "Stockholm"]
[Date "2018.11.03"]
[Round "6"]
[White "Thorn, Eric"]
[Black "Lyrberg, Patrik"]
[Result "0-1"]
[WhiteElo "2300"]
[BlackElo "2440"]
[Annotator "TA"]
[PlyCount "100"]
[EventDate "2018.11.02"]
[EventCountry "SWE"]
[SourceTitle "playchess.com"]
[Source "ChessBase"]
[SourceQuality "1"]

{[%evp 19,100,45,44,44,67,46,136,50,47,57,53,51,66,46,43,41,73,71,68,67,64,72,81,75,75,80,55,79,70,14,0,10,7,17,13,0,0,0,0,0,0,-42,-53,-126,-104,-90,-95,-134,-122,-125,-99,-592,-590,-555,-555,-592,-568,-279,-576,-552,-505,-375,-246,-242,-221,-555,-268,-12833,-12834,-12836,-12835,-12842,-12843,-12843,-12843,-12846,-12846,-12847,-12847,-12847,-12848,-12848,-12849]} 1. d4 e6 2. c4 Bb4+ 3. Bd2 Bxd2+ 4. Qxd2 f5 5. g3 Nf6 6. Bg2 d6 7. Nc3 O-O 8. Nf3 Ne4 9. Qd3 Nxc3 10. Qxc3 Qf6 {LiveBook: 3 Games. A90: Dutch Defence: Miscellaneous and Modern Stonewall (with ...Bd6)} 11. Rc1 g5 $146 ({Predecessor:} 11... c6 12. O-O Nd7 13. b4 e5 14. dxe5 dxe5 15. c5 e4 16. Nd2 Qxc3 17. Rxc3 a5 18. Ra3 {1-0 (38) Graf,A (2604)-Kovacevic,B (2463) Kusadasi 2006}) 12. c5 Bd7 (12... d5 $14) 13. d5 (13. cxd6 $16 cxd6 14. Nxg5) 13... e5 $14 14. h4 g4 15. Ng5 dxc5 16. Qb3 Qb6 17. Ne6 Qxb3 18. axb3 Bxe6 19. dxe6 c6 20. Rxc5 Kg7 21. Rxe5 {Black must now prevent e4.} Kf6 22. Re3 Na6 23. f3 {And now e7 would win.} Nb4 {[#] aiming for ...Nc2+.} 24. O-O ({Better is} 24. e7 $1 $14 Rfe8 25. Kf2) 24... Nd5 $36 {[%mdl 2048] Black is pushing.} 25. Rd3 {Hoping for fxg4.} Kxe6 26. fxg4 (26. Rfd1 {seems wilder.} Nf6 27. Re3+ Kf7 28. Re5 gxf3 29. Bxf3 Kg6 30. Re7) 26... fxg4 27. Bxd5+ cxd5 {[%mdl 4096] Endgame KRR-KRR} 28. Rfd1 Rad8 29. Rd4 h5 30. Kg2 Rf5 31. e4 {[#]} (31. b4 $15) 31... Re5 $1 $17 32. R1d2 Rd7 33. exd5+ Rdxd5 ({Don't play} 33... Rexd5 34. Re2+ Kf6 35. Rf4+ Kg7 36. Kf2 $15) 34. Kf2 Rf5+ 35. Kg2 $2 {[%mdl 8192]} (35. Ke2 $17) 35... Rxd4 $19 36. Rxd4 {KR-KR} Rf3 37. Rb4 b6 38. Rb5 Rf5 39. Rb4 Kd5 40. Ra4 Rf3 41. Rxa7 Rxb3 42. Rd7+ $2 (42. Kf2 {nothing else works.}) 42... Ke4 (42... Kc6 $142 43. Rd2 b5) 43. Rd2 $2 (43. Re7+ Kd3 44. Rd7+ Kc2 45. Rd5) 43... Ke3 {Black is clearly winning.} 44. Rc2 b5 {[%cal Bb6b5,Bb5b4][%mdl 32]} 45. Rc5 Rxb2+ 46. Kg1 b4 47. Rxh5 Kf3 48. Rh8 Kxg3 {[%cal Rb2b1]} 49. Kf1 Kh2 {( -> ...g3)} 50. h5 g3 {Precision: White = 39%, Black = 70%.} 0-1

[Event "Hasselbacken Open 2018"]
[Site "Stockholm"]
[Date "2018.11.03"]
[Round "6"]
[White "Dolzhikova, Olga"]
[Black "Lindberg, Bengt"]
[Result "1/2-1/2"]
[WhiteElo "2220"]
[BlackElo "2401"]
[Annotator "TA"]
[PlyCount "131"]
[EventDate "2018.11.02"]
[EventCountry "SWE"]
[SourceTitle "playchess.com"]
[Source "ChessBase"]
[SourceQuality "1"]

{[%evp 28,131,-46,-37,-26,-15,-19,-26,-25,-39,-22,-14,-17,-54,-27,-14,-4,-33,-34,-27,-29,-29,-30,-22,-25,-35,-2,-15,0,-10,0,-27,0,17,18,-4,-7,-7,-3,-7,-8,-8,-2,-2,-4,-9,0,-4,18,11,16,0,8,0,0,-66,0,0,0,-61,0,0,0,0,15,0,0,-84,0,0,20,-95,0,0,0,0,0,0,9,0,0,-88,-36,-65,-54,-52,0,0,0,0,0,-47,-47,-50,0,0,0,0,0,0,0,0,0,0,0,0]} 1. e4 c5 2. c3 Nf6 3. e5 Nd5 4. d4 cxd4 5. Nf3 e6 6. cxd4 d6 7. Bc4 Be7 8. O-O O-O 9. Nc3 Nxc3 10. bxc3 Qc7 {B22: Sicilian: 2 c3} 11. exd6 Bxd6 12. Qe2 Nd7 13. Bd2 b6 14. Bd3 Bb7 15. h3 {LiveBook: 16 Games} h6 16. Rfe1 {[#]} Rac8 $146 ({Predecessor (2):} 16... Rfe8 17. Ne5 Nxe5 18. dxe5 Bf8 19. Rad1 Red8 20. Bb1 Rd7 21. Bxh6 gxh6 22. Qc2 Bg7 23. Rxd7 Qxd7 24. Qh7+ Kf8 25. Re3 Qd1+ 26. Kh2 Qd2 {0-1 (25) Fiala,V (2217)-Oparin,G (2565) Gibraltar 2016}) 17. Rad1 Bf4 18. Bc1 Bxc1 19. Rxc1 Qd6 20. Bb1 Bxf3 21. Qxf3 Nf6 22. Qd3 Rfd8 23. Bc2 Qa3 24. Bb3 Rc7 25. Rc2 Rdc8 26. Rec1 Qa5 27. c4 Rd7 28. Qe3 Rcd8 29. c5 bxc5 30. dxc5 Qc7 31. Re2 Nd5 (31... Rd3 $5 32. Qe5 $8 Qc6 $11) 32. Bxd5 Rxd5 33. g3 Qc6 34. Kh2 Rf5 35. Rec2 h5 36. h4 Kh7 (36... Rc8 {is interesting.} 37. Kg1 g6 38. Kh2 Kg7 39. Qa3 Rc7) 37. Re1 (37. Kg1 {with more complications.} Rc8 38. Qd3 g6 39. Rc3 Rd5 40. Qc2) 37... Rdd5 {[%cal Rd5c5]} 38. Qe4 g6 39. Qg2 Kg7 40. Rb1 g5 41. hxg5 (41. Rb4 $11) 41... Rxg5 (41... h4 $1 $15) 42. Qf3 Rgf5 43. Qc3+ (43. Qg2 $11) 43... Rf6 (43... Kh7 $1 $15 44. Rb8 Rfe5) 44. Re1 Kg6 45. Qe3 Rdf5 46. Qd3 Kg7 47. Kg1 (47. Qd4 $11) 47... Rd5 ({Black should try} 47... Rxc5 $17 48. Rec1 Rxc2 49. Rxc2 Qf3) 48. Qe4 Rff5 49. Qg2 (49. Rc4 $11 {keeps the balance.}) 49... Rg5 (49... Qa4 $17 50. Qe4 Qxe4 51. Rxe4 Rxc5) 50. Qe4 $11 Kg8 51. Kh2 Rg4 52. Qf3 Rg6 53. Rb1 h4 {Threatens to win with ...hxg3+.} 54. Rg1 (54. gxh4 {[#] is a self mate.} Rd4 $1 {[%mdl 512]} 55. Rb8+ Kg7 56. Qxf7+ Kxf7 57. f4 Rd1 58. Rb7+ Qxb7 59. c6 Qb1 60. Rc1 Rxc1 61. h5 Rh1#) ({But not} 54. Rb8+ Kg7 $17) (54. g4 $1 $11) 54... Qc7 ({Black should play} 54... hxg3+ $17 55. Rxg3 Rxg3 56. Qxg3+ Kf8 57. Qb8+ Ke7 58. Qxa7+ Kf6) 55. Kh1 $15 hxg3 56. Rxg3 Rxc5 (56... Qc6 $15 57. Kg1 Rgg5) 57. Qa8+ $11 Kg7 $1 {[#]} 58. Rh3 $1 {[%csl Gh3][%cal Ra8h8][%mdl 512]} Kf6 $1 59. Qh8+ Ke7 {( -> ...Qb7+)} 60. Qh4+ Rf6 {aiming for ...Qb7+.} 61. Rf3 {The position is equal.} Rxc2 62. Qxf6+ Ke8 63. Qh8+ Ke7 64. Qf6+ Ke8 65. Qh8+ Ke7 66. Qf6+ {Precision: White = 48%, Black = 42%.} 1/2-1/2

[Event "Hasselbacken Open 2018"]
[Site "Stockholm"]
[Date "2018.11.03"]
[Round "6"]
[White "Crevatin, Leo"]
[Black "Galinsky, Timofey"]
[Result "1/2-1/2"]
[WhiteElo "2130"]
[BlackElo "2359"]
[Annotator "TA"]
[PlyCount "93"]
[EventDate "2018.11.02"]
[EventCountry "SWE"]
[SourceTitle "playchess.com"]
[Source "ChessBase"]
[SourceQuality "1"]

{[%evp 21,93,31,27,37,38,8,0,0,104,91,85,83,87,89,89,90,89,92,93,93,95,88,105,64,85,47,50,38,43,43,54,47,29,15,8,0,4,8,8,12,37,35,69,69,65,65,63,33,33,33,30,28,33,26,24,29,32,8,8,8,8,8,15,15,33,33,33,33,33,33,33,0,31,0]} 1. d4 d5 2. c4 e6 3. Nc3 c6 4. e3 f5 5. Bd3 Nf6 6. Nge2 Bd6 7. f3 O-O 8. Bd2 {A84: Dutch Defence: 2 c4 Miscellaneous} Nbd7 9. Qc2 dxc4 10. Bxc4 Nb6 11. Bb3 Kh8 {LiveBook: 4 Games} 12. O-O-O Bd7 $146 ({Predecessor:} 12... Qe7 13. e4 fxe4 14. Nxe4 Nxe4 15. Qxe4 e5 16. dxe5 Qxe5 {½-½ (32) Koneru,H (2557)-Dzagnidze,N (2509) Batumi 2018}) 13. e4 fxe4 14. Nxe4 Be7 (14... Nxe4 $11 15. Qxe4 Be8) 15. Ng5 {aiming for Nf4.} Nbd5 16. Nf4 Nxf4 17. Bxf4 {[#] Strongly threatening Be5.} Ne4 18. Nxe6 Bxe6 19. Bxe6 Ng5 {[#]} 20. Bxg5 $1 Bxg5+ 21. Kb1 Bf6 22. Qc5 a5 23. Qh5 {Bf5 is the strong threat.} g6 24. Qc5 a4 25. a3 Ra5 26. Qc4 Qd6 27. g3 b5 28. Qb4 Qxb4 29. axb4 Ra6 30. Rhe1 Rd8 31. Ka2 Rxd4 32. Rxd4 Bxd4 $14 {[%mdl 4096] Endgame KRB-KRB} 33. Bd7 c5 34. Bxb5 Rb6 35. Bxa4 {Hoping for b5.} Rxb4 36. b3 c4 37. Re4 cxb3+ 38. Bxb3 {Threatens to win with Ka3.} Bc5 39. Rxb4 (39. Re8+ {feels hotter.} Kg7 40. Kb2 Rb7 41. Kc3 Rc7 42. Re2) 39... Bxb4 {KB-KB} 40. Kb2 Kg7 41. Kc2 Kf6 42. Kd3 Bd6 43. Ke4 Bc7 44. Bg8 Kg7 45. Bc4 Kf6 46. Bg8 Kg7 47. Bc4 {Precision: White = 52%, Black = 69%.} 1/2-1/2

[Event "Hasselbacken Open 2018"]
[Site "Stockholm"]
[Date "2018.11.04"]
[Round "7"]
[White "Agdestein, Simen"]
[Black "Sjodahl, Pontus"]
[Result "1/2-1/2"]
[WhiteElo "2574"]
[BlackElo "2410"]
[Annotator "TA"]
[PlyCount "75"]
[EventDate "2018.11.02"]
[EventCountry "SWE"]
[SourceTitle "playchess.com"]
[Source "ChessBase"]
[SourceQuality "1"]

{[%evp 21,75,15,19,13,21,10,28,14,15,12,12,11,17,16,32,18,38,47,32,33,51,12,43,-16,-20,-36,0,0,0,0,0,0,0,0,0,-23,-13,-14,-12,-37,-15,-93,-98,-92,-41,-105,-99,-198,-129,-138,-120,-347,0,-133,0,-360]} 1. d4 Nf6 2. c4 e6 3. Nc3 Bb4 4. Nf3 d5 5. cxd5 exd5 6. Bg5 h6 7. Bh4 Nbd7 {D38: Queen's Gambit Declined: Ragozin Defence (4 Nf3 Bb4)} 8. e3 g5 9. Bg3 Ne4 10. Nd2 Nxg3 11. hxg3 Nb6 {LiveBook: 24 Games} 12. Qc2 Be6 13. a3 Bf8 {[#]} 14. Nb3 $146 ({Predecessor:} 14. Bd3 c6 15. b4 {1-0 (43) Eljanov,P (2719)-Van Kampen,R (2641) Germany 2015}) 14... c6 15. Nc5 Bxc5 16. dxc5 Nd7 17. Ne2 Qe7 18. Rc1 O-O-O 19. Nd4 Ne5 20. b4 Bd7 21. Be2 h5 {[%cal Bh6h5,Bh5h4][%mdl 32]} 22. Kd2 (22. Rxh5 Rxh5 23. Bxh5 g4 $17) (22. b5 $14) 22... Qf6 $11 23. f3 h4 (23... Nc4+ $5 24. Bxc4 dxc4 $11) 24. g4 Rhe8 25. Qc3 Re7 26. Rce1 Kb8 27. a4 Ka8 28. b5 Nc4+ 29. Bxc4 dxc4 30. Qxc4 Qe5 31. Re2 (31. Kc2 $11) 31... Be6 $17 32. Qc3 {[#]} f5 (32... Bc8 $1 $17 33. Qc4 (33. bxc6 bxc6 34. Qd3 f5 $17) 33... f5 34. gxf5 Bxf5) 33. gxf5 (33. bxc6 $15 bxc6 34. Kc2 (34. gxf5 Bxf5 35. Ke1 Rb7 $17)) 33... Bxf5 {And now ...Rxd4+! would win.} 34. Qc4 (34. Ke1 $17) 34... Be6 ({Black should play} 34... Red7 $19 35. Qc3 Rd5) 35. Qc3 Bc8 {[%mdl 1024] Strongly threatening ...Rxd4+! Black has strong compensation.} 36. Qc4 $2 {[#]} ({Much weaker is} 36. bxc6 bxc6 37. Qc4 Red7) (36. Rhe1 $17) 36... Be6 $2 (36... b6 $1 $19 {[%cal Rb6c5] is more deadly.} 37. cxb6 c5) 37. Qc3 Bc8 $2 (37... Red7 $17 38. Ke1 (38. bxc6 Rxd4+ 39. exd4 Rxd4+ 40. Ke1 Rd1+ 41. Kf2 Qxc3 $17) 38... Qg3+ 39. Rf2 g4) 38. Qc4 $1 {[%mdl 32768] Precision: White = 51%, Black = 52%. . An unexpected result.} 1/2-1/2

[Event "Hasselbacken Open 2018"]
[Site "Stockholm"]
[Date "2018.11.04"]
[Round "7"]
[White "Lyrberg, Patrik"]
[Black "Brynell, Stellan"]
[Result "1/2-1/2"]
[WhiteElo "2440"]
[BlackElo "2398"]
[Annotator "TA"]
[PlyCount "68"]
[EventDate "2018.11.02"]
[EventCountry "SWE"]
[SourceTitle "playchess.com"]
[Source "ChessBase"]
[SourceQuality "1"]

{[%evp 17,68,31,19,1,-14,-20,3,-10,-7,-6,0,-13,-10,-10,-8,-7,-7,-3,-7,-9,14,-26,-31,-46,-27,-241,-241,-234,-238,-236,-236,-264,-225,-230,-240,-213,-175,-179,-180,-172,-140,-149,-33,-31,0,0,0,0,0,0,0,0,0]} 1. d4 e6 2. c4 Nf6 3. Nc3 Bb4 4. Qc2 O-O 5. a3 Bxc3+ 6. Qxc3 Ne4 7. Qc2 f5 8. Nh3 Nc6 9. f3 {E32: Nimzo-Indian: Classical (4 Qc2): 4...0-0} Nf6 {LiveBook: 7 Games} 10. Be3 $146 ({Predecessor:} 10. e3 d6 11. Bd2 e5 12. dxe5 dxe5 13. O-O-O Qe7 14. Bd3 g6 15. Nf2 a5 16. Bc3 Qc5 {1-0 (58) Braun,A (2549)-Brynell,S (2459) Germany 2015}) 10... d6 11. O-O-O Qe7 12. Bg5 e5 13. d5 Nd8 14. e3 Nf7 15. Bh4 c6 16. Kb1 Bd7 17. Ng5 cxd5 18. Nxf7 Qxf7 19. cxd5 Rfc8 (19... Nxd5 $2 {[#]} 20. Rxd5 $1 {[%mdl 512]} Rac8 21. Qd2 $18) 20. Qb3 $1 {[#]} b5 $1 {[%mdl 512]} 21. Bxb5 $2 (21. Be2 $11 {and White has nothing to worry.}) 21... Rab8 $19 22. Bxd7 Nxd7 {[%cal Bf6d7,Bd7c5,Bc5d3][%mdl 32]} ({Weaker is} 22... Rxb3 23. Be6 $11) ({Not} 22... Qxd7 23. Qd3 $15) 23. Qa2 Nc5 {[%mdl 1024] Black has strong compensation.} 24. Rc1 Qb7 {Threatens to win with ...Nb3.} 25. b4 {Black should prevent Ka1.} a5 26. Be1 Nd3 {[%csl Gd3][%cal Rc8c1]} 27. Rxc8+ Rxc8 {[%csl Gd3][%cal Rc8c1]} 28. Bd2 axb4 29. axb4 Nxb4 (29... Ra8 $17 30. Qb3 e4) 30. Qb3 $15 Rb8 ({Don't play} 30... Qxd5 $6 31. Qxb4 Rc5 32. Qa4 $14) 31. Bxb4 $1 {The position is equal.} Qxb4 32. Qxb4 Rxb4+ 33. Kc2 Rb5 34. e4 fxe4 {Accuracy: White = 59%, Black = 73%.} 1/2-1/2

[Event "Hasselbacken Open 2018"]
[Site "Stockholm"]
[Date "2018.11.04"]
[Round "7"]
[White "Lindberg, Bengt"]
[Black "Holst, Conny"]
[Result "1-0"]
[WhiteElo "2401"]
[BlackElo "2195"]
[Annotator "NA"]
[PlyCount "129"]
[EventDate "2018.11.02"]
[EventCountry "SWE"]
[SourceTitle "playchess.com"]
[Source "ChessBase"]
[SourceQuality "1"]
[TimeControl "5400+30"]

1. e4 {[%emt 0:00:00]} c5 {[%emt 0:00:00]} 2. Nf3 {[%emt 0:00:00]} d6 {[%emt 0:00:00]} 3. d4 {[%emt 0:00:00]} cxd4 {[%emt 0:00:03]} 4. Nxd4 {[%emt 0:00:00]} Nf6 {[%emt 0:00:08]} 5. Nc3 {[%emt 0:00:00]} Nc6 {[%emt 0:00:08]} 6. Bg5 {[%emt 0:00:00]} e6 {[%emt 0:00:15]} 7. Qd2 {[%emt 0:00:05]} Be7 {[%emt 0:00:41]} 8. O-O-O {[%emt 0:00:10]} O-O {[%emt 0:01:34]} 9. f3 {[%emt 0:02:36]} Nxd4 {[%emt 0:13:44]} 10. Qxd4 {[%emt 0:01:16]} a6 {[%emt 0:00:47]} 11. h4 {[%emt 0:07:22]} Qc7 {[%emt 0:03:57]} 12. g4 {[%emt 0:04:07]} b5 $1 {[%emt 0:04:27] LiveBook: 7 Games} 13. h5 {[%emt 0:15:43]} b4 {[%emt 0:08:24]} 14. Qxb4 {[%emt 0:13:49]} d5 {[%emt 0:02:26]} 15. Qd4 {[%emt 0:01:07]} h6 $14 {[%emt 0:05:37]} 16. exd5 {[%emt 0:14:59]} Bc5 {[%emt 0:08:37]} 17. Bf4 {[%emt 0:00:11]} Bxd4 {[%emt 0:00:21]} 18. Bxc7 {[%emt 0:00:05]} Bxc3 {[%emt 0:01:03]} 19. bxc3 {[%emt 0:00:39]} Nxd5 {[%emt 0:00:40]} 20. Bd6 {[%emt 0:00:16]} Rd8 {[%emt 0:10:02]} 21. Bg3 {[%emt 0:00:18]} Bb7 {[%emt 0:00:36]} 22. Rd3 {[%emt 0:00:11]} Rdc8 {[%emt 0:02:09]} 23. c4 {[%emt 0:22:11]} Rxc4 {[%emt 0:06:26]} 24. Rb3 {[%emt 0:00:05]} Rb4 {[%emt 0:00:20]} 25. Bd3 {[%emt 0:00:05]} Rxb3 {[%emt 0:06:13]} 26. axb3 {[%emt 0:00:10]} Nf6 {[%emt 0:00:11]} 27. Rf1 {[%emt 0:00:26]} a5 {[%emt 0:02:04]} 28. Kd2 {[%emt 0:01:57]} Nd5 {[%emt 0:08:36]} 29. c4 {[%emt 0:02:19]} Nb4 {[%emt 0:00:46]} 30. Bb1 {[%emt 0:00:07]} Rd8+ {[%emt 0:02:13]} 31. Kc3 {[%emt 0:00:09]} Rd7 {[%emt 0:00:22]} 32. Bf4 {[%emt 0:00:59]} f6 {[%emt 0:03:27]} 33. Be3 {[%emt 0:01:42]} Rc7 {[%emt 0:01:13]} 34. Kb2 {[%emt 0:02:11]} Rd7 {[%emt 0:02:06]} 35. Ka3 {[%emt 0:02:53]} Bc6 {[%emt 0:05:10]} 36. Bb6 {[%emt 0:01:07]} Rd2 {[%emt 0:00:14]} 37. Bxa5 {[%emt 0:05:39]} Nc2+ {[%emt 0:00:07]} 38. Bxc2 {[%emt 0:01:38]} Rxc2 {[%emt 0:00:07]} 39. Kb4 {[%emt 0:00:05]} e5 {[%emt 0:01:28]} 40. Kc5 {[%emt 0:00:13]} Be8 {[%emt 0:00:42]} 41. Rd1 {[%emt 0:01:14]} Kf8 {[%emt 0:01:49]} 42. Bb4 {[%emt 0:01:25]} Kf7 {[%emt 0:00:46]} 43. Rd3 {[%emt 0:00:44]} g6 {[%emt 0:00:46]} 44. hxg6+ {[%emt 0:00:49]} Kxg6 {[%emt 0:00:06]} 45. Bc3 {[%emt 0:00:08]} Kg5 {[%emt 0:00:19]} 46. b4 {[%emt 0:00:32]} Bg6 {[%emt 0:00:24]} 47. Bd2+ {[%emt 0:00:48]} Kh4 {[%emt 0:00:16]} 48. Be1+ {[%emt 0:00:08]} Kh3 {[%emt 0:01:10]} 49. Rc3 {[%emt 0:00:56]} Re2 {[%emt 0:00:36]} 50. Rc1 {[%emt 0:00:01]} Kg2 {[%emt 0:00:38]} 51. b5 {[%emt 0:00:07]} Kxf3 {[%emt 0:00:16]} 52. Bh4 {[%emt 0:00:45]} f5 {[%emt 0:00:36]} 53. gxf5 {[%emt 0:00:14]} Bxf5 {[%emt 0:00:05]} 54. Kd6 {[%emt 0:01:12]} e4 {[%emt 0:00:57]} 55. c5 {[%emt 0:00:12]} e3 {[%emt 0:00:36]} 56. b6 {[%emt 0:00:36]} Rb2 {[%emt 0:00:34]} 57. Kc7 {[%emt 0:00:14]} Be4 {[%emt 0:00:39]} 58. c6 {[%emt 0:00:11]} Kg4 {[%emt 0:00:15]} 59. Rc4 {[%emt 0:00:57]} Kf5 {[%emt 0:00:44]} 60. b7 {[%emt 0:00:16]} Bd5 {[%emt 0:00:26]} 61. Rc1 {[%emt 0:00:35]} Kg4 {[%emt 0:00:14]} 62. Be1 {[%emt 0:00:12]} h5 {[%emt 0:00:42]} 63. b8=Q {[%emt 0:00:38]} Rxb8 {[%emt 0:00:21]} 64. Kxb8 {[%emt 0:00:07]} h4 {[%emt 0:00:06]} 65. c7 {[%emt 0:00:19]} 1-0

[Event "Hasselbacken Open 2018"]
[Site "Stockholm"]
[Date "2018.11.04"]
[Round "7"]
[White "Lindgren, Philip"]
[Black "Seo, Jung Min"]
[Result "1/2-1/2"]
[WhiteElo "2374"]
[BlackElo "2369"]
[Annotator "NA"]
[PlyCount "118"]
[EventDate "2018.11.02"]
[EventCountry "SWE"]
[SourceTitle "playchess.com"]
[Source "ChessBase"]
[SourceQuality "1"]
[TimeControl "5400+30"]

1. d4 {[%emt 0:00:00]} Nf6 {[%emt 0:00:00]} 2. c4 {[%emt 0:00:18]} g6 {[%emt 0:00:00]} 3. Nf3 {[%emt 0:00:36]} Bg7 {[%emt 0:00:00]} 4. Nc3 {[%emt 0:01:03]} d5 {[%emt 0:00:12]} 5. Qb3 {[%emt 0:03:48]} dxc4 {[%emt 0:01:38]} 6. Qxc4 {[%emt 0:00:09]} O-O {[%emt 0:00:20]} 7. e4 {[%emt 0:00:51] LiveBook: 2950 Games} Nfd7 {[%emt 0:02:13]} 8. Be3 {[%emt 0:04:49]} Nb6 {[%emt 0:00:57]} 9. Qb3 {[%emt 0:02:23]} Be6 {[%emt 0:07:30]} 10. d5 {[%emt 0:05:30]} Bg4 {[%emt 0:00:25]} 11. Rd1 {[%emt 0:08:01]} N8d7 {[%emt 0:03:22]} 12. Be2 $14 {[%emt 0:03:58]} c6 {[%emt 0:11:56]} 13. h3 {[%emt 0:04:41]} Bxf3 {[%emt 0:00:29]} 14. Bxf3 {[%emt 0:00:52]} Qc7 {[%emt 0:03:16]} 15. O-O {[%emt 0:04:19]} Be5 {[%emt 0:29:52]} 16. dxc6 {[%emt 0:07:42]} bxc6 {[%emt 0:00:37]} 17. Ne2 {[%emt 0:18:37]} Bg7 {[%emt 0:06:08]} 18. Nd4 {[%emt 0:05:48]} e5 {[%emt 0:04:28]} 19. Ne2 {[%emt 0:02:05]} Rfd8 {[%emt 0:00:37]} 20. Rc1 {[%emt 0:04:21]} Nf8 {[%emt 0:02:47]} 21. Nc3 {[%emt 0:00:56]} Rab8 {[%emt 0:00:19]} 22. Rfd1 {[%emt 0:05:19]} Rxd1+ {[%emt 0:01:49]} 23. Bxd1 {[%emt 0:01:28]} Ne6 {[%emt 0:02:12]} 24. Be2 {[%emt 0:06:14]} Qd8 {[%emt 0:08:45]} 25. Qd1 {[%emt 0:00:58]} Nd4 {[%emt 0:03:37]} 26. b3 {[%emt 0:01:08]} Qd6 {[%emt 0:01:01]} 27. Nb1 {[%emt 0:01:12]} Rd8 {[%emt 0:00:48]} 28. Bf1 {[%emt 0:01:54]} h5 {[%emt 0:00:59]} 29. Nd2 {[%emt 0:01:05]} Qa3 {[%emt 0:01:52]} 30. Ra1 {[%emt 0:00:56]} Kh7 {[%emt 0:00:35]} 31. Qc1 {[%emt 0:00:55]} Qd6 {[%emt 0:01:37]} 32. Nc4 {[%emt 0:00:28]} Qe6 {[%emt 0:00:53]} 33. Na5 {[%emt 0:01:13]} Rc8 {[%emt 0:01:11]} 34. Qc5 {[%emt 0:00:40]} Bf8 {[%emt 0:00:58]} 35. Qc3 {[%emt 0:00:19]} Bg7 {[%emt 0:01:50]} 36. Rc1 {[%emt 0:00:20]} c5 {[%emt 0:00:30]} 37. Nc4 {[%emt 0:02:33]} Qe7 {[%emt 0:00:53]} 38. Qa5 {[%emt 0:00:28]} Qc7 {[%emt 0:01:01]} 39. Qa6 {[%emt 0:00:41]} Re8 {[%emt 0:00:55]} 40. Nxb6 {[%emt 0:00:33]} axb6 {[%emt 0:00:08]} 41. b4 {[%emt 0:00:30]} Bf8 {[%emt 0:00:39]} 42. a4 {[%emt 0:00:19]} Re6 {[%emt 0:01:04]} 43. Bc4 {[%emt 0:00:33]} Rd6 {[%emt 0:00:20]} 44. b5 {[%emt 0:00:44]} Rd8 {[%emt 0:00:32]} 45. Kf1 {[%emt 0:00:29]} Rb8 {[%emt 0:00:13]} 46. Bd5 {[%emt 0:00:31]} Bd6 {[%emt 0:00:57]} 47. Rc3 {[%emt 0:00:37]} Kg7 {[%emt 0:00:13]} 48. Bd2 {[%emt 0:00:21]} Rd8 {[%emt 0:00:34]} 49. Rc1 {[%emt 0:00:35]} Kh7 {[%emt 0:00:15]} 50. a5 {[%emt 0:00:06]} Rb8 {[%emt 0:00:17]} 51. axb6 {[%emt 0:00:15]} Rxb6 {[%emt 0:00:29]} 52. Ba5 {[%emt 0:01:17]} Rxa6 {[%emt 0:00:03]} 53. Bxc7 {[%emt 0:00:05]} Nxb5 {[%emt 0:00:02]} 54. Bxd6 {[%emt 0:00:24]} Nxd6 {[%emt 0:00:08]} 55. Rxc5 {[%emt 0:00:07]} Ra7 {[%emt 0:00:24]} 56. h4 {[%emt 0:00:52]} Kg7 {[%emt 0:00:19]} 57. g3 {[%emt 0:00:10]} Ne8 {[%emt 0:00:40]} 58. Bc6 {[%emt 0:00:58]} Re7 {[%emt 0:01:01]} 59. Bxe8 {[%emt 0:00:14]} Rxe8 {[%emt 0:00:01]} 1/2-1/2

[Event "Hasselbacken Open 2018"]
[Site "Stockholm"]
[Date "2018.11.04"]
[Round "7"]
[White "Schneider, Stefan"]
[Black "Cramling, Pia"]
[Result "1/2-1/2"]
[WhiteElo "2365"]
[BlackElo "2456"]
[Annotator "TA"]
[PlyCount "44"]
[EventDate "2018.11.02"]
[EventCountry "SWE"]
[SourceTitle "playchess.com"]
[Source "ChessBase"]
[SourceQuality "1"]

{[%evp 12,44,29,22,37,27,57,35,32,25,42,45,55,0,0,0,19,18,33,-10,-20,-19,-16,-14,0,0,0,0,0,0,0,0,6,0,0]} 1. d4 {Finkel,A} Nf6 2. Bg5 d5 3. Bxf6 gxf6 4. c4 c5 (4... dxc4 5. e3 c5 6. d5 Bg7 7. Bxc4 f5 8. Nc3 Nd7 9. Nge2 a6 10. a4 Ne5 11. Ba2 O-O 12. O-O Rb8 {1-0 (40) Duda,J (2737)-Wojtaszek,R (2733) Dortmund 2018}) 5. cxd5 Qxd5 6. Nf3 {D00: Damenbauernspiele} cxd4 {[#]} 7. Nc3 $1 {[%mdl 512] LiveBook: 16 Partien} Qd8 (7... dxc3 8. Qxd5) 8. Nxd4 {Weiß steht etwas besser.} a6 9. e3 $146 ({Vorgänger:} 9. g3 e6 10. Bg2 Bg7 11. O-O O-O 12. Qd3 {½-½ (30) Eliet,N (2412)-Marzolo,C (2409) Mulhouse 2004 CBM 103 [Finkel,A]}) 9... e5 10. Nc2 {und nun wäre Dxd8+ stark für Weiss.} Qxd1+ 11. Rxd1 {Und Sd5 würde nun gewinnen.} Be6 12. Be2 (12. Nd5 $14 Bxd5 13. Rxd5) 12... Nd7 13. O-O Rc8 14. Bf3 Rc7 15. Na1 Nb6 {Die Stellung ist ausgeglichen.} 16. Nd5 Nxd5 17. Bxd5 Be7 18. Bxe6 fxe6 19. Rc1 Rxc1 20. Rxc1 Kd7 21. Nb3 f5 22. Nc5+ Bxc5 $1 {Precision: Weiß = 68%, Schwarz = 50%.} 1/2-1/2